000 00741nam a2200229 a 4500
001 C01168702c-3
003 CO-ViMGA
005 20230915225027.0
008 081014s2008 sp a gr 00010dspa d
020 _a9875911399
040 _aCO-ViMGA
_bspa
_cCO-ViMGA
082 0 4 _a796
_bC17f
_221
100 1 _aMorales,Maria,Navarro,Cesar
_9775
245 1 0 _apsicologia de la actividad fisica y el deporte
_cLuis Casis Saenz, José Ma. Zumalabe Makirriain.
260 3 _aMadrid :
_bElsevier,
_c2008.
300 _a135 p. :
_bil. ;
_c24 cm.
504 _aIncluye bibliografía e índice.
650 1 4 _aDeportes
_x Aspectos psicológicos.
_9777
650 1 4 _aDeportistas
_x Fisiología.
_9776
650 1 4 _aNutrición.
_9778
942 _2ddc
_cBK
999 _c12135
_d12135